[Event "ch-RUS Blitz w 2016"]
[Site "Sochi RUS"]
[Date "2016.10.04"]
[Round "12.8"]
[White "Gvanceladze, Anna"]
[Black "Baraeva, Marina"]
[Result "0-1"]
[WhiteTitle "WFM"]
[BlackTitle "WIM"]
[WhiteElo "2223"]
[BlackElo "2173"]
[WhiteFideId "4113721"]
[BlackFideId "24142573"]
[EventDate "2016.10.04"]

1. d4 d5 2. Nf3 Nf6 3. c4 c6 4. cxd5 cxd5 5. Nc3 Nc6 6. Bf4 a6 7. e3 Bg4 8. Bd3
e6 9. h3 Bxf3 10. Qxf3 Be7 11. O-O O-O 12. Rad1 b5 13. Bb1 Rc8 14. Be5 Nd7 15.
Bg3 f5 16. Ne2 Nf6 17. Nf4 Qd7 18. Bh2 Ne4 19. Qe2 Bd6 20. f3 Nf6 21. Nd3 Bxh2+
22. Kxh2 Qd6+ 23. f4 Ne4 24. Ne5 Nxe5 25. fxe5 Qe7 26. Rc1 Qg5 27. Bxe4 dxe4 28.
Rfe1 Rxc1 29. Rxc1 f4 30. Qg4 Qxg4 31. hxg4 fxe3 32. Re1 Rf2 33. Rxe3 Rxb2 34.
a3 Kf7 35. Kg3 a5 36. Kf4 Rxg2 37. Rxe4 Rd2 38. Ke3 Ra2 39. Rf4+ Ke7 40. Rf1
Rxa3+ 0-1

[Event "ch-RUS Blitz w 2016"]
[Site "Sochi RUS"]
[Date "2016.10.04"]
[Round "12.9"]
[White "Makarenko, Alexandra"]
[Black "Markelova, Lubov"]
[Result "1/2-1/2"]
[WhiteTitle "WFM"]
[BlackTitle "WFM"]
[WhiteElo "2243"]
[BlackElo "2133"]
[WhiteFideId "4165055"]
[BlackFideId "24131369"]
[EventDate "2016.10.04"]

1. e4 e6 2. d4 d5 3. e5 c5 4. c3 Qb6 5. Nf3 Nc6 6. Bd3 cxd4 7. cxd4 Bd7 8. O-O
Nxd4 9. Nbd2 Nxf3+ 10. Nxf3 Bc5 11. Qe2 Ne7 12. Bf4 Ng6 13. Bg3 Rc8 14. Rac1 O-O
15. Ng5 Be7 16. h4 Bxg5 17. hxg5 Rxc1 18. Rxc1 Rc8 19. Rxc8+ Bxc8 20. Kh2 Bd7
21. f3 Qd4 22. Bxg6 hxg6 23. Bf2 Qf4+ 24. Kg1 Qxg5 25. Bxa7 Qf4 26. Kf2 Qa4 27.
Qe3 Qxa2 28. Qb6 Bc6 29. Qd8+ Kh7 30. Qh4+ Kg8 31. Qd8+ 1/2-1/2

[Event "ch-RUS Blitz w 2016"]
[Site "Sochi RUS"]
[Date "2016.10.04"]
[Round "12.10"]
[White "Komiagina, Maria"]
[Black "Vasilevich, Irina"]
[Result "0-1"]
[WhiteTitle "WIM"]
[BlackTitle "IM"]
[WhiteElo "2247"]
[BlackElo "2285"]
[WhiteFideId "4153987"]
[BlackFideId "4141296"]
[EventDate "2016.10.04"]

1. e4 c5 2. Nf3 e6 3. d4 cxd4 4. Nxd4 Nc6 5. Nc3 Qc7 6. Be3 a6 7. Bd3 Nf6 8. O-O
Ne5 9. h3 Bc5 10. Na4 Ba7 11. c4 Nxc4 12. Nxe6 dxe6 13. Bxa7 Rxa7 14. Bxc4 b5
15. e5 Nd7 16. Rc1 bxc4 17. b3 Nxe5 18. f4 Nc6 19. Rxc4 O-O 20. Qc2 Bd7 21. Rc1
Rc8 22. Nc5 Be8 23. a3 Qb6 24. Kh2 Ne7 25. b4 Rac7 26. Qe4 Nd5 27. f5 Qd6+ 28.
Kh1 Bc6 29. Qg4 Nf6 30. Qe2 Bd5 31. Rd1 Qg3 32. Rd3 Qg5 33. Rc1 Qxc1+ 0-1

[Event "ch-RUS Blitz w 2016"]
[Site "Sochi RUS"]
[Date "2016.10.04"]
[Round "12.11"]
[White "Belova, Olga"]
[Black "Belenkaya, Dina"]
[Result "1/2-1/2"]
[WhiteTitle "WFM"]
[BlackTitle "WFM"]
[WhiteElo "2035"]
[BlackElo "2313"]
[WhiteFideId "4138422"]
[BlackFideId "24142654"]
[EventDate "2016.10.04"]

1. d4 d5 2. Nc3 Nf6 3. Bg5 Bf5 4. Nf3 c6 5. e3 g6 6. Bd3 Bg7 7. O-O Nbd7 8. Re1
Ne4 9. Bxe4 dxe4 10. Nd2 h6 11. Bf4 Nf6 12. Be5 Qb6 13. Rb1 Qa6 14. a3 Bg4 15.
Qc1 O-O 16. Bxf6 Bxf6 17. Ndxe4 Bg7 18. f3 Bd7 19. Nc5 Qc4 20. Nxd7 Rfd8 21. Ne5
Qe6 22. Nd3 b6 23. Ne4 Rac8 24. c3 c5 25. Nf4 Qf5 26. Ng3 Qg5 27. Nh3 Qd5 28. e4
Qc4 29. d5 Re8 30. Qd2 Rcd8 31. Qe2 Qb3 32. f4 Rd7 33. f5 Be5 34. fxg6 fxg6 35.
Qg4 Rd6 36. Nf5 h5 37. Qg5 Rf6 38. Nh4 Bc7 39. e5 Rf7 40. Qxg6+ Kf8 41. Rf1 Qxd5
42. Rxf7+ Qxf7 43. Rf1 Qxf1+ 44. Kxf1 Bxe5 45. Ng5 1/2-1/2

[Event "ch-RUS Blitz w 2016"]
[Site "Sochi RUS"]
[Date "2016.10.04"]
[Round "12.12"]
[White "Semenova, Elena1"]
[Black "Ambartsumova, Karina"]
[Result "0-1"]
[WhiteTitle "WIM"]
[BlackTitle "WGM"]
[WhiteElo "2256"]
[BlackElo "2280"]
[WhiteFideId "24125148"]
[BlackFideId "4166299"]
[EventDate "2016.10.04"]

1. e4 c5 2. Nf3 e6 3. d4 cxd4 4. Nxd4 a6 5. Bd3 Bc5 6. c3 Ne7 7. O-O d6 8. Nd2
O-O 9. N2b3 Ba7 10. Qh5 e5 11. Nf3 Nd7 12. Bg5 Qe8 13. Bc4 b5 14. Bxe7 Qxe7 15.
Bd5 Nf6 16. Qg5 Nxd5 17. exd5 Qxg5 18. Nxg5 Bf5 19. Na5 f6 20. Nf3 Bb6 21. Nc6
Kf7 22. Rad1 Rfc8 23. Nd2 a5 24. Kh1 Bc2 25. Rc1 Bd3 26. f3 Bxf1 27. Rxf1 f5 28.
a4 Be3 29. Nb1 bxa4 30. Na3 Bc5 31. Nc4 a3 32. bxa3 Rc7 33. Rb1 g5 34. h3 h5 35.
Rb5 Kf6 36. N6xa5 e4 37. Nb7 e3 38. Rb2 e2 39. Rxe2 Rxb7 0-1

[Event "ch-RUS Blitz w 2016"]
[Site "Sochi RUS"]
[Date "2016.10.04"]
[Round "12.13"]
[White "Abramova, Yulia"]
[Black "Berdychevskaya, Natasha"]
[Result "0-1"]
[BlackTitle "WFM"]
[WhiteElo "1969"]
[BlackElo "2208"]
[WhiteFideId "24104655"]
[BlackFideId "4159322"]
[EventDate "2016.10.04"]

1. e4 Nc6 2. Nf3 d6 3. d4 Nf6 4. Nc3 g6 5. Be2 Bg7 6. O-O O-O 7. d5 Nb8 8. Bg5
c6 9. Qd2 Qb6 10. Rab1 Nbd7 11. Be3 Qc7 12. Bd4 c5 13. Be3 a6 14. a4 Ng4 15. Bf4
Nge5 16. Nxe5 Nxe5 17. Bh6 Ng4 18. Bxg7 Kxg7 19. f4 f5 20. Bxg4 fxg4 21. Rbe1
Bd7 22. b3 b5 23. Qd3 bxa4 24. Nxa4 Kg8 25. Nb2 a5 26. e5 dxe5 27. fxe5 Rxf1+
28. Qxf1 Bf5 29. c4 Qb6 30. Re3 Qb4 31. Na4 Qd2 32. Qe1 Qd4 33. Kh1 Rf8 34. Nc3
Bd3 35. Nb5 Rf1+ 36. Qxf1 Qxe3 37. Qd1 Qxe5 38. Kg1 Qe3+ 39. Kh1 Be4 40. Nc7 Qf2
41. Qg1 Qc2 42. Ne6 Qxb3 43. Nxc5 Qxc4 44. Nxe4 Qxe4 45. Qd1 a4 0-1

[Event "ch-RUS Blitz w 2016"]
[Site "Sochi RUS"]
[Date "2016.10.04"]
[Round "12.14"]
[White "Diakonova, Ekaterina"]
[Black "Pavlova, Natalia"]
[Result "1/2-1/2"]
[WhiteElo "2321"]
[BlackElo "1990"]
[WhiteFideId "24172936"]
[BlackFideId "24135615"]
[EventDate "2016.10.04"]

1. e4 c5 2. Nf3 Nc6 3. Bb5 g6 4. Bxc6 dxc6 5. h3 Bg7 6. d3 e5 7. Be3 Qe7 8. Nbd2
Nf6 9. Nc4 Nd7 10. a4 f6 11. O-O Nf8 12. Qd2 Ne6 13. c3 O-O 14. b4 cxb4 15. cxb4
b6 16. Rfc1 Ba6 17. Na3 Rac8 18. a5 bxa5 19. bxa5 Rfd8 20. Rc3 Nd4 21. Bxd4 exd4
22. Rc2 Bf8 23. Nc4 Qb4 24. Qf4 Kg7 25. e5 Be7 26. Nxd4 Rd5 27. Ne6+ Kg8 28.
exf6 Rf5 29. Qe3 Bxf6 30. Re1 Qb3 31. Rce2 Bxc4 32. dxc4 Qxe3 33. Rxe3 Rxa5 34.
c5 Ra2 35. Rb1 a5 36. Rb7 a4 37. Ra7 Bb2 38. Rd3 a3 39. Rdd7 Ra1+ 40. Kh2 Re1
41. Ng5 Be5+ 42. g3 Re2 43. Rxa3 Rxf2+ 44. Kg1 Rc2 45. Rxh7 Rf8 46. Rd7 Rff2 47.
Ra8+ Rf8 48. Rxf8+ Kxf8 49. Ne6+ Ke8 50. Ra7 Bc3 51. Kf1 Bb4 52. Rc7 Bxc5 53.
Rxc6 Rc1+ 54. Ke2 Ba3 55. Rxc1 1/2-1/2

[Event "ch-RUS Blitz w 2016"]
[Site "Sochi RUS"]
[Date "2016.10.04"]
[Round "13.3"]
[White "Bodnaruk, Anastasia"]
[Black "Pogonina, Natalija"]
[Result "1-0"]
[WhiteTitle "IM"]
[BlackTitle "WGM"]
[WhiteElo "2463"]
[BlackElo "2484"]
[WhiteFideId "4181751"]
[BlackFideId "4147855"]
[EventDate "2016.10.04"]

1. e4 e5 2. Nf3 Nc6 3. Bb5 a6 4. Ba4 Nf6 5. O-O b5 6. Bb3 Bb7 7. Re1 Bc5 8. c3
O-O 9. d3 h6 10. h3 d6 11. Nbd2 Bb6 12. Nf1 Ne7 13. Ng3 Ng6 14. Nf5 Qd7 15. Nh2
d5 16. Qf3 Qe6 17. Ng4 Nxg4 18. Qxg4 Rad8 19. h4 Qf6 20. h5 Nf4 21. Bxf4 exf4
22. Qxf4 dxe4 23. dxe4 Bc8 24. Re2 Bxf5 25. exf5 c5 26. Rae1 c4 27. Bc2 Bc5 28.
g3 Bd6 29. Qf3 Bc5 30. Be4 Qd6 31. Kg2 Rfe8 32. Bc6 Rxe2 33. Rxe2 Bb6 34. a4
bxa4 35. Bxa4 Qf6 36. Bc6 Rd3 37. Qe4 Rd6 38. Bd5 Kh7 39. Bxc4 a5 40. Bd5 Bc5
41. b3 Rd7 42. c4 Re7 43. Qf3 Rxe2 44. Qxe2 Qd4 45. Bxf7 Qd8 46. Bg6+ Kh8 47.
Qe4 Bb4 48. Bf7 Bc3 49. Bd5 Bf6 50. Qe6 Bd4 51. f4 Bf6 52. Kf3 Qb8 53. Ke4 Bc3
54. g4 Bf6 55. Qf7 Qd8 56. Qe6 Qe7 57. c5 Qd8 58. c6 Qb8 59. Qg8+ Qxg8 60. Bxg8
Bd8 61. Bf7 Bc7 62. g5 Bd6 63. f6 gxf6 64. g6 Kg7 65. f5 Be5 66. Kd5 Bc7 67. Ke4 1-0

[Event "ch-RUS Blitz w 2016"]
[Site "Sochi RUS"]
[Date "2016.10.04"]
[Round "13.4"]
[White "Severina, Maria"]
[Black "Pustovoitova, Daria"]
[Result "0-1"]
[WhiteTitle "WIM"]
[BlackTitle "FM"]
[WhiteElo "2232"]
[BlackElo "2386"]
[WhiteFideId "4116909"]
[BlackFideId "4182146"]
[EventDate "2016.10.04"]

1. Nf3 Nf6 2. g3 d5 3. Bg2 c6 4. O-O Bg4 5. d3 Nbd7 6. h3 Bh5 7. Qe1 e6 8. e4
dxe4 9. dxe4 e5 10. Nbd2 Bc5 11. Qe2 O-O 12. c3 a5 13. Nc4 Qe7 14. Qc2 Rfd8 15.
Ne3 Bg6 16. Nf5 Bxf5 17. exf5 e4 18. Nd4 Bxd4 19. cxd4 Nb6 20. Bg5 Rxd4 21. Be3
Rb4 22. Bc5 Qe5 23. Bxb4 axb4 24. a3 bxa3 25. Rxa3 Re8 26. Ra7 Re7 27. Rd1 h6
28. g4 Nbd5 29. Ra8+ Kh7 30. b3 e3 31. Bxd5 exf2+ 32. Qxf2 Nxd5 33. f6 Nxf6 34.
Qf5+ Qxf5 35. gxf5 Nd5 36. Ra7 g6 37. fxg6+ Kxg6 38. Kf2 f5 39. Re1 Rd7 40. Re6+
Kg5 41. Re8 Nc3 42. Re1 Kf4 43. Rc1 Ne4+ 44. Kg2 Rd2+ 45. Kf1 Ng3+ 46. Ke1 Re2+
47. Kd1 Re7 48. Rxc6 h5 49. Rc4+ Ne4 50. Rb4 Rd7+ 51. Kc1 Ke3 52. Raxb7 Rd2 53.
Re7 Rh2 54. Rf7 Rf2 55. Rc4 Kd3 56. Rd7+ Ke3 57. Rf7 Rf1+ 58. Kc2 Rf2+ 59. Kc1
Nd6 60. Re7+ Ne4 61. Rf7 Nd6 62. Re7+ Ne4 63. Rf7 h4 64. b4 Kd3 65. Rcc7 f4 66.
Rcd7+ Kc3 67. Rc7+ Kb3 68. Kd1 f3 0-1

[Event "ch-RUS Blitz w 2016"]
[Site "Sochi RUS"]
[Date "2016.10.04"]
[Round "13.5"]
[White "Girya, Olga"]
[Black "Baraeva, Marina"]
[Result "1/2-1/2"]
[WhiteTitle "WGM"]
[BlackTitle "WIM"]
[WhiteElo "2446"]
[BlackElo "2173"]
[WhiteFideId "4195752"]
[BlackFideId "24142573"]
[EventDate "2016.10.04"]

1. d4 d5 2. c4 c6 3. Nf3 Nf6 4. Nc3 dxc4 5. a4 Bf5 6. e3 e6 7. Bxc4 Bb4 8. O-O
O-O 9. Ne5 Nbd7 10. Nxd7 Qxd7 11. Qe2 Bg6 12. Rd1 Qe7 13. f3 e5 14. dxe5 Qxe5
15. e4 Rad8 16. Be3 Qb8 17. Qf2 a5 18. Bb6 Rd7 19. Rxd7 Nxd7 20. Be3 Rd8 21. Rd1
Ne5 22. Rxd8+ Qxd8 23. Bf1 f6 24. Na2 Qd1 25. Nxb4 axb4 26. a5 Bf7 27. Qd2 Qxd2
28. Bxd2 Nc4 29. Bxb4 Nxb2 30. Bc3 Nc4 31. Kf2 Kf8 32. g3 Ke7 33. Bh3 Kd6 34.
Bf5 h5 35. Ke2 Be8 36. f4 c5 37. Kf3 Kc6 38. Be6 Kb5 39. e5 fxe5 40. fxe5 Nxa5
41. Bg8 Nc4 42. Bd5 b6 43. e6 Nd6 44. Bxg7 c4 45. e7 Nf5 46. Bf6 c3 47. Be4 Nd6
48. Bc2 Kc4 49. Ke2 b5 50. Bd3+ Kb3 51. Kd1 b4 52. Kc1 Nb5 53. h3 Nc7 54. g4 Ka2
55. Bc4+ Ka3 56. Be5 Na8 57. gxh5 Bxh5 58. Bb5 Nb6 59. e8=Q Bxe8 60. Bxe8 Nc4
61. Bf6 b3 62. Bxc3 b2+ 63. Kb1 Kb3 64. Bf7 Kxc3 65. Bxc4 Kxc4 66. h4 Kd5 67. h5
Ke6 68. h6 Kf7 1/2-1/2

[Event "ch-RUS Blitz w 2016"]
[Site "Sochi RUS"]
[Date "2016.10.04"]
[Round "13.6"]
[White "Vasilevich, Irina"]
[Black "Nechaeva, Marina"]
[Result "0-1"]
[WhiteTitle "IM"]
[BlackTitle "IM"]
[WhiteElo "2285"]
[BlackElo "2428"]
[WhiteFideId "4141296"]
[BlackFideId "4149351"]
[EventDate "2016.10.04"]

1. b3 Nf6 2. Bb2 c5 3. e3 Nc6 4. d3 d5 5. Nd2 e5 6. a3 Be7 7. Be2 h6 8. Ngf3 Qc7
9. e4 Be6 10. O-O O-O 11. Re1 dxe4 12. dxe4 Rfd8 13. Qc1 Nd4 14. Bf1 Rac8 15. h3
Nh5 16. Re3 Nf4 17. Nc4 Bf6 18. Kh2 b5 19. Ncd2 a6 20. g3 Ng6 21. a4 Ne7 22.
axb5 axb5 23. Bc3 Nec6 24. Kg2 Ra8 25. Rxa8 Rxa8 26. Qb1 Qa7 27. b4 cxb4 28.
Bxb4 Nxb4 29. Qxb4 Nxc2 30. Qc3 Nxe3+ 31. fxe3 Rc8 32. Qb4 Qxe3 33. Bxb5 Bg5 34.
Nf1 Bxh3+ 35. Kxh3 Qxf3 36. Qb2 Qh5+ 37. Kg2 Qg6 38. Qxe5 Rc2+ 39. Kg1 Bf6 40.
Qf4 Bd4+ 41. Kh1 Qh5+ 42. Qh4 Qxh4+ 43. gxh4 h5 44. Bd3 Rf2 45. Ng3 g6 46. Bb5
Kg7 47. Bc6 Bf6 48. Kg1 Rc2 49. Bd5 Bxh4 50. Nf1 Bg5 51. Ng3 Bf4 52. Nf1 h4 53.
Bb7 g5 54. Ba6 h3 55. Bb5 h2+ 56. Kh1 Rf2 57. Bc4 g4 0-1

[Event "ch-RUS Blitz w 2016"]
[Site "Sochi RUS"]
[Date "2016.10.04"]
[Round "13.7"]
[White "Nebolsina, Vera"]
[Black "Goryachkina, Aleksandra"]
[Result "0-1"]
[WhiteTitle "WGM"]
[BlackTitle "WGM"]
[WhiteElo "2219"]
[BlackElo "2460"]
[WhiteFideId "4163591"]
[BlackFideId "4147103"]
[EventDate "2016.10.04"]

1. Nf3 d5 2. g3 g6 3. Bg2 Bg7 4. d4 Nf6 5. O-O O-O 6. c4 c6 7. cxd5 cxd5 8. Nc3
Ne4 9. Ng5 Nxc3 10. bxc3 Nc6 11. e4 dxe4 12. Nxe4 Na5 13. Re1 Bf5 14. Nc5 Rc8
15. Bg5 Re8 16. Rc1 h6 17. Be3 b6 18. Nd3 Nc4 19. Nb4 a5 20. Nc6 Qd7 21. d5 Nb2
22. Qb3 Nd3 23. Qxb6 Nxe1 24. Rxe1 Bxc3 25. Rc1 Bg7 26. Bc5 Bf6 27. Qxa5 e6 28.
dxe6 Bxe6 29. Be3 Bg7 30. Bf3 Kh7 31. Rd1 Qc7 32. Qxc7 Rxc7 33. a4 Bb3 34. Rb1
Bxa4 35. Nb4 Rc3 36. Nd5 Rd3 37. Nf4 Rb3 38. Rc1 Rbxe3 39. fxe3 Rxe3 40. Kg2 Bb3
41. Rc7 Be5 42. Rb7 Bxf4 43. gxf4 Rxf3 0-1

[Event "ch-RUS Blitz w 2016"]
[Site "Sochi RUS"]
[Date "2016.10.04"]
[Round "13.8"]
[White "Belova, Olga"]
[Black "Ambartsumova, Karina"]
[Result "1/2-1/2"]
[WhiteTitle "WFM"]
[BlackTitle "WGM"]
[WhiteElo "2035"]
[BlackElo "2280"]
[WhiteFideId "4138422"]
[BlackFideId "4166299"]
[EventDate "2016.10.04"]

1. d4 d6 2. e4 Nf6 3. Nc3 e5 4. f3 Nbd7 5. Be3 Be7 6. Qd2 c6 7. Nh3 O-O 8. Nf2
b5 9. g4 a5 10. h4 b4 11. Ncd1 Ba6 12. Bxa6 Rxa6 13. h5 Ne8 14. f4 exf4 15. Bxf4
d5 16. e5 Nc7 17. Ne3 Ne6 18. Nf5 Nxf4 19. Nxe7+ Qxe7 20. Qxf4 f6 21. Nd3 fxe5
22. Qe3 e4 23. O-O-O Rf3 24. Qe2 Qg5+ 25. Kb1 Re3 26. Qd2 exd3 27. Rh3 dxc2+ 28.
Kxc2 Qxg4 29. Qxe3 Nf6 30. Rg3 Qf5+ 31. Qd3 Qxd3+ 32. Kxd3 Nxh5 33. Rg5 Nf6 34.
Rdg1 Ra7 35. Re5 Kf7 36. a3 bxa3 37. bxa3 Rb7 38. Rc1 Nd7 39. Rf1+ Nf6 40. Rc1
Ne4 41. Rxc6 Rb3+ 42. Kc2 Rxa3 43. Rxd5 Nf6 44. Rc7+ Kg6 45. Rdc5 h5 46. Ra7 a4
47. Rcc7 Ra2+ 48. Kb1 Rd2 49. Rxg7+ Kf5 50. Ra5+ Ke4 51. Rg6 Nd5 52. Rg5 Nc3+
53. Kc1 Rh2 54. Rxh5 Rxh5 55. Rxh5 Kxd4 56. Rh4+ Ne4 57. Rxe4+ 1/2-1/2

[Event "ch-RUS Blitz w 2016"]
[Site "Sochi RUS"]
[Date "2016.10.04"]
[Round "13.9"]
[White "Gritsayeva, Oksana"]
[Black "Makarenko, Alexandra"]
[Result "1-0"]
[WhiteTitle "WFM"]
[BlackTitle "WFM"]
[WhiteElo "2321"]
[BlackElo "2243"]
[WhiteFideId "14104652"]
[BlackFideId "4165055"]
[EventDate "2016.10.04"]

1. e4 e5 2. Nf3 Nc6 3. Nc3 Nf6 4. Bb5 Nd4 5. Bc4 d6 6. Nxd4 exd4 7. Ne2 Nxe4 8.
d3 Nc5 9. Nxd4 Qf6 10. Be3 Be7 11. O-O O-O 12. Bd5 c6 13. Bf3 Ne6 14. Nxe6 fxe6
15. d4 Kh8 16. a4 e5 17. dxe5 dxe5 18. Be4 Be6 19. Qh5 Bg8 20. a5 a6 21. c3 g6
22. Qe2 Rad8 23. Rfd1 Qh4 24. f3 Bg5 25. Bf2 Qh6 26. Bc5 Rfe8 27. Bb6 Rxd1+ 28.
Rxd1 Bf4 29. g3 Bg5 30. Rd7 Qf8 31. Rxb7 Bd8 32. Bxc6 Bxb6+ 33. Rxb6 Qc5+ 34.
Qf2 Qxf2+ 35. Kxf2 Re6 36. Ke3 Bf7 37. Rb8+ Kg7 38. Bd5 Rd6 39. Bxf7 Kxf7 40.
Rb7+ Kg8 41. Rb6 Rd1 42. Rxa6 Rh1 43. h4 Rg1 44. g4 Re1+ 45. Kd3 Rd1+ 46. Ke4
Re1+ 47. Kd5 Kf7 48. Ra7+ Kf6 49. g5+ Kf5 50. Rf7# 1-0

[Event "ch-RUS Blitz w 2016"]
[Site "Sochi RUS"]
[Date "2016.10.04"]
[Round "13.10"]
[White "Potapova, Margarita"]
[Black "Pavlova, Natalia"]
[Result "1-0"]
[WhiteTitle "WFM"]
[WhiteElo "2060"]
[BlackElo "1990"]
[WhiteFideId "14126869"]
[BlackFideId "24135615"]
[EventDate "2016.10.04"]

1. d4 d5 2. Bf4 c6 3. e3 Nf6 4. c4 e6 5. Nc3 Nbd7 6. Nf3 Be7 7. Bd3 dxc4 8. Bxc4
O-O 9. O-O b5 10. Bd3 a6 11. Ne4 Nxe4 12. Bxe4 Bb7 13. Rc1 Rc8 14. Ne5 Nxe5 15.
Bxe5 Qb6 16. Qh5 h6 17. Qg4 g5 18. Qh5 c5 19. Qxh6 1-0

[Event "ch-RUS Blitz w 2016"]
[Site "Sochi RUS"]
[Date "2016.10.04"]
[Round "13.11"]
[White "Sukhareva, Evgeniya"]
[Black "Markelova, Lubov"]
[Result "1-0"]
[BlackTitle "WFM"]
[WhiteElo "2151"]
[BlackElo "2133"]
[WhiteFideId "4167155"]
[BlackFideId "24131369"]
[EventDate "2016.10.04"]

1. d4 d5 2. Nf3 Nf6 3. c4 c6 4. Qc2 g6 5. e3 Bf5 6. Bd3 Bxd3 7. Qxd3 Bg7 8. O-O
O-O 9. b3 Nbd7 10. Nc3 dxc4 11. bxc4 c5 12. d5 Ne8 13. Bb2 Nd6 14. e4 Qb6 15.
Na4 Qb4 16. Bxg7 Kxg7 17. Nc3 Qxc4 18. Qe3 b6 19. Rac1 Qb4 20. Rfe1 Nc4 21. Qf4
f6 22. Qg3 Nde5 23. Nh4 Nb2 24. Re3 Rad8 25. Nf5+ Kf7 26. Nh4 Na4 27. Nxa4 Qxa4
28. Qh3 Kg7 29. Qg3 Qd7 30. h3 a5 31. f4 Nf7 32. Nf5+ Kh8 33. Nh4 a4 34. Nf3 Rc8
35. Nd2 b5 36. h4 Nd6 37. h5 Kg7 38. Nf3 Nc4 39. Re2 a3 40. Nh4 Qe8 41. Nf5+ Kh8
42. hxg6 hxg6 43. Qh3+ Kg8 44. Qg4 Rc7 45. Nh4 Qf7 46. Rc3 Qg7 47. Nxg6 Rfc8 48.
Nxe7+ Rxe7 49. Qxc8+ Kf7 50. Qxc5 Qh6 51. Qf2 Nb2 52. Rxa3 Nc4 53. Rc3 Qg6 54.
a4 Rxe4 55. Rxe4 Qxe4 56. axb5 Qb1+ 57. Kh2 Qh7+ 58. Rh3 Qe4 59. b6 Nd6 60. b7
Nf5 1-0

[Event "ch-RUS Blitz w 2016"]
[Site "Sochi RUS"]
[Date "2016.10.04"]
[Round "13.12"]
[White "Sazonova, Anastasia"]
[Black "Berdychevskaya, Natasha"]
[Result "1-0"]
[WhiteTitle "WFM"]
[BlackTitle "WFM"]
[WhiteElo "2115"]
[BlackElo "2208"]
[WhiteFideId "24131008"]
[BlackFideId "4159322"]
[EventDate "2016.10.04"]

1. d4 Nf6 2. c4 Nc6 3. Nf3 e6 4. a3 d5 5. Bg5 Be7 6. e3 O-O 7. Nc3 h6 8. Bxf6
Bxf6 9. Qc2 a6 10. Bd3 dxc4 11. Bxc4 e5 12. dxe5 Nxe5 13. Be2 c6 14. O-O Qc7 15.
Nd5 Nxf3+ 16. Bxf3 Qe5 17. Nxf6+ Qxf6 18. b4 Bf5 19. Qc5 Rfe8 20. Rad1 Rad8 21.
a4 Qg6 22. Qb6 Rb8 23. a5 Qf6 24. Rd2 Qc3 25. Rfd1 Be6 26. Qc5 Qf6 27. Qd4 Qe7
28. Qf4 Rbd8 29. h3 Rxd2 30. Rxd2 Rd8 31. Rd4 Rxd4 32. Qxd4 Kf8 33. Qc5 Qxc5 34.
bxc5 Ke7 35. Kf1 Kf6 36. Ke2 Ke5 37. Kd3 Bd5 38. Bg4 Be4+ 39. Kc4 f5 40. Bf3
Bxf3 41. gxf3 Ke6 42. Kd4 g6 43. e4 fxe4 44. fxe4 g5 45. f3 h5 46. Kd3 Ke5 47.
Ke3 h4 48. Kd3 Kf4 49. Kd4 Kxf3 50. e5 Kg3 51. e6 Kxh3 52. e7 g4 53. e8=Q g3 54.
Qe6+ Kh2 55. Qg4 h3 56. Ke3 Kg2 57. Kf4 h2 58. Qxg3+ Kh1 59. Kf3 b6 60. Qg2# 1-0

[Event "ch-RUS Blitz w 2016"]
[Site "Sochi RUS"]
[Date "2016.10.04"]
[Round "13.13"]
[White "Gubernatorova, Lyudmila"]
[Black "Abramova, Yulia"]
[Result "1-0"]
[WhiteElo "2200"]
[BlackElo "1969"]
[WhiteFideId "4123840"]
[BlackFideId "24104655"]
[EventDate "2016.10.04"]

1. d4 d5 2. c4 Bf5 3. Nc3 c6 4. Qb3 dxc4 5. Qxb7 Nd7 6. e4 Be6 7. d5 cxd5 8.
exd5 Bf5 9. Bxc4 Ngf6 10. Nf3 Rc8 11. Bb5 Rc7 12. Qa6 e6 13. Bf4 Rc5 14. dxe6
Bxe6 15. O-O Be7 16. Rad1 O-O 17. Qxa7 Qc8 18. Bd6 Bxd6 19. Rxd6 Ne5 20. Nxe5
Rxe5 21. Qd4 Rh5 22. Be2 Rh6 23. Rd1 Qb8 24. b3 Ne8 25. Nb5 Nxd6 26. Nxd6 Rd8
27. Qf4 Rf6 28. Qg3 Qc7 29. Ne4 Rxd1+ 30. Bxd1 1-0

[Event "ch-RUS Blitz w 2016"]
[Site "Sochi RUS"]
[Date "2016.10.04"]
[Round "13.14"]
[White "Gvanceladze, Anna"]
[Black "Bondareva, Daria"]
[Result "1-0"]
[WhiteTitle "WFM"]
[BlackTitle "WCM"]
[WhiteElo "2223"]
[BlackElo "1707"]
[WhiteFideId "4113721"]
[BlackFideId "44131356"]
[EventDate "2016.10.04"]

1. d4 d5 2. Nf3 Nf6 3. c4 e6 4. Nc3 c6 5. cxd5 exd5 6. Qc2 Be7 7. Bg5 O-O 8. e3
Nbd7 9. Bd3 Re8 10. O-O Nf8 11. Rac1 g6 12. h3 Ne6 13. Bh4 Ng7 14. Bg3 Bf5 15.
Bh2 Bd6 16. Ne5 Bxd3 17. Qxd3 Ne4 18. Nxe4 dxe4 19. Qb3 Bxe5 20. Bxe5 Rc8 21.
Qxb7 f6 22. Bh2 Re7 23. Qa6 Qd7 24. Rc3 Ne6 25. Rfc1 c5 26. dxc5 Rc6 1-0

[Event "ch-RUS Blitz w 2016"]
[Site "Sochi RUS"]
[Date "2016.10.04"]
[Round "13.15"]
[White "Komiagina, Maria"]
[Black "Vasilevich, Tatjana"]
[Result "1-0"]
[WhiteTitle "WIM"]
[BlackTitle "IM"]
[WhiteElo "2247"]
[BlackElo "2372"]
[WhiteFideId "4153987"]
[BlackFideId "14101610"]
[EventDate "2016.10.04"]

1. e4 c5 2. Nf3 a6 3. d4 cxd4 4. Nxd4 Nf6 5. Nc3 Qc7 6. Bd3 e6 7. O-O d6 8. Be3
Be7 9. f4 O-O 10. Qf3 Nbd7 11. Rae1 b5 12. a3 Bb7 13. Qg3 g6 14. f5 Nc5 15. Bh6
Rfe8 16. Kh1 e5 17. Nf3 Rad8 18. Bg5 Nh5 19. Qh4 Bxg5 20. Nxg5 f6 21. Nh3 Qf7
22. g4 Nf4 23. Nxf4 exf4 24. g5 gxf5 25. gxf6 fxe4 26. Rg1+ Kh8 27. Rg7 exd3+
28. Ne4 Bxe4+ 29. Rxe4 Qxg7 30. fxg7+ Kxg7 31. Qg5+ Kh8 32. Qf6+ Kg8 33. Rxf4
Re1+ 34. Kg2 Re2+ 35. Kh3 Re3+ 36. Kh4 Re4 37. Rxe4 Nxe4 38. Qe6+ Kf8 39. Qxe4
d2 40. Qf4+ Ke7 41. Qxd2 Ke6 42. Qe3+ Kd5 43. Qg5+ Kc6 44. Qxd8 1-0

[Event "ch-RUS Blitz w 2016"]
[Site "Sochi RUS"]
[Date "2016.10.04"]
[Round "14.3"]
[White "Pogonina, Natalija"]
[Black "Bodnaruk, Anastasia"]
[Result "1/2-1/2"]
[WhiteTitle "WGM"]
[BlackTitle "IM"]
[WhiteElo "2484"]
[BlackElo "2463"]
[WhiteFideId "4147855"]
[BlackFideId "4181751"]
[EventDate "2016.10.04"]

1. d4 d6 2. e4 g6 3. c4 Bg7 4. Nc3 c5 5. d5 Nf6 6. Nf3 O-O 7. Bd3 e5 8. O-O Nh5
9. Ne2 f5 10. Ng3 Nxg3 11. fxg3 f4 12. gxf4 exf4 13. Qe2 Bg4 14. h3 Bh5 15. Bd2
Bxb2 16. Rab1 Bd4+ 17. Kh1 b6 18. Qe1 Bg7 19. e5 dxe5 20. Nxe5 Re8 21. Bxf4 Nd7
22. g4 Nxe5 23. Bxe5 Bxg4 24. hxg4 Rxe5 25. Qf2 Qe7 26. Rbe1 Re8 27. Rxe5 Qxe5
28. Qf3 Rf8 29. Qe2 Rxf1+ 30. Qxf1 Bf6 31. Qe2 Kf7 32. Qxe5 Bxe5 33. Kg2 Kf6 34.
Kf3 h5 35. gxh5 gxh5 36. Bh7 Kg5 37. Bg8 Kf6 38. Be6 Bd6 39. a4 Ke5 40. Ke3 h4
41. Bd7 Be7 42. Be8 Bg5+ 43. Kf3 Kd4 44. Bb5 Be7 45. Kg4 Ke5 46. Ba6 Kd4 47. d6
Bxd6 48. Kxh4 Kc3 49. Kg4 Kb4 50. Bb5 Ka5 51. Kf5 a6 52. Bc6 Kb4 53. Ke6 Bf4 54.
Kd5 Be3 55. Ke4 1/2-1/2